Female genital cutting, women's health, and development <the> role of the World Bank
Uložené v:
| Hlavný autor: | |
|---|---|
| Ďalší autori: | , |
| Médium: | Kniha |
| Jazyk: | English |
| Vydavateľské údaje: |
Washington, D.C.
<The> World Bank
2007
|
| Edícia: | World Bank working paper
no. 122 |
| Predmet: | |
| Tagy: |
Žiadne tagy, Buďte prvý, kto otaguje tento záznam!
|
MARC
| LEADER | 00000nam$a2200000$$$4500 | ||
|---|---|---|---|
| 001 | 0068639 | ||
| 005 | 20240313135653.6 | ||
| 020 | |a 978-0-8213-7183-1 | ||
| 041 | 0 | |a eng | |
| 044 | |a US | ||
| 245 | 1 | 0 | |a Female genital cutting, women's health, and development |b <the> role of the World Bank |c Khama Rogo, Tshiya Subayi, Nahid Toubia |
| 264 | 1 | |a Washington, D.C. |b <The> World Bank |c 2007 | |
| 300 | |a 30 s. | ||
| 490 | 1 | |a World Bank working paper |v no. 122 | |
| 830 | 0 | |a World Bank working paper |v no. 122 | |
| 610 | 2 | 0 | |a krajiny rozvojové |
| 610 | 2 | 0 | |a ženy |
| 610 | 2 | 0 | |a zvyklosti kultúrne |
| 610 | 2 | 0 | |a štýl životný |
| 610 | 2 | 0 | |a pomoc medzinárodná |
| 610 | 2 | 0 | |a programy rozvojové |
| 610 | 2 | 0 | |a legislatíva |
| 610 | 2 | 0 | |a informácie |
| 610 | 2 | 0 | |a Afrika |
| 100 | 1 | |a Rogo, Khama | |
| 700 | 1 | |a Subayi, Tshiya | |
| 700 | 1 | |a Toubia, Nahid | |